000
00291nam a2200121Ia 4500
008
190216s9999||||xx |||||||||||||| ||und||
100
_a
Viswanathan R
245
0
_a
Viewless Wings
260
_b
Indian Open University Books
_c
1993
300
_a
145p
650
_a
English Poetry
942
_c
BK
999
_c
13613
_d
13613